50 US states alphabetical order - Statistics

General Stats
  • This quiz has been taken 59 times
  • The average score is 12 of 50
Answer Stats
Answer % Correct
Alabama
98%
Alaska
57%
Arkansas
55%
Arizona
51%
California
43%
Colorado
43%
Delaware
33%
Georgia
31%
Hawaii
31%
Idaho
31%
Illinois
31%
Indiana
31%
Iowa
31%
Florida
29%
Kansas
27%
Kentucky
27%
Louisiana
27%
Maine
27%
Maryland
27%
Massachusetts
27%
Michigan
24%
Minnesota
24%
Conneticut
22%
Montana
20%
Mississippi
18%
Missouri
18%
Nebraska
18%
Nevada
18%
New Hampshire
18%
North Carolina
18%
Ohio
18%
New Jersey
16%
New Mexico
16%
New York
16%
North Dakota
16%
Oregon
16%
South Carolina
16%
South Dakota
16%
Oklahoma
14%
Pennsylvania
14%
Rhode Island
14%
Texas
14%
Utah
12%
Vermont
12%
Virginia
12%
West virginia
12%
Washington
10%
Wyoming
10%
Wisconsin
8%
Tennesee
6%
No matching quizzes found
Score Distribution
Percent of People with Each Score
Percentile by Number Answered
Your Score History
You have not taken this quiz